000 004880000a22001690004500
090 _aAR
_b00909
245 1 0 _aSynopsis of the genus Ladenbergia (<Rubiceae>)
650 1 4 _aSistemática vegetal
_95234
650 1 4 _aBotánica
_9361
650 1 4 _aFilogénética
_94310
650 1 4 _aBiogeografía
_992747
653 _fRubiaceae
_gLadenbergia
041 0 _aInglés
100 1 _aAndersson, Lennart
_917474
942 _cARTICULO
773 1 _tNordic Journal of Botany
_3285
_h3
_q255-299
_d1997
_g17
999 _c9997
_d9997